| 000 | 00933nam a2200265Ia 4500 | ||
|---|---|---|---|
| 003 | OSt | ||
| 005 | 20221005112031.0 | ||
| 006 | a|||||r|||| 00| 0 | ||
| 007 | ta | ||
| 008 | 221004b |||||||| |||| 00| 0 san d | ||
| 020 |
_a9789381999080 (hbk) _c600 |
||
| 024 | _a10943 | ||
| 037 |
_b330, 08/02/2014, Eastern Book Linkers _cTextual |
||
| 040 |
_aCRL _cCRL _bsan |
||
| 041 |
_2san _asan |
||
| 082 | _aO15,1D40:g, 152Q3 | ||
| 100 | _aपाण्डेय, अमरनाथ | ||
| 245 | 0 | _aकालिदास | |
| 246 | _aKālidāsa | ||
| 260 |
_aवाराणसी _bशारदा संस्कृत संस्थान भारत _c2013 |
||
| 300 |
_a351पृ0 _ccm. |
||
| 650 | _aसंस्कृत साहित्य | ||
| 942 |
_hO15,1D40:g, 152Q3 _cTEXL _2cc |
||
| 999 |
_c1023628 _d1023628 |
||